000 00665nam a2200217Ia 4500
008 160319s9999 xx 000 0 und d
245 _aJulius Caesar /
245 _ca BBCTV Production in association with Time-Life Television ; directed by Herbert Wise.
260 _bDolby Digital.
260 _c2004
300 _a1 videodisc (approximately 160.31 minutes) :
300 _bsound, color ; 
300 _c4 3/4 in.
440 _aRome history collection.
650 _aCaesar, Julius -- Assassination --
650 _aCaesar, Julius.
650 _aHistorical films.
650 _aPlays.
650 _aTelevision adaptations.
650 _xDrama.
999 _c292817
_d292817